El cuento tradicional chileno: estudio estético y antropológico. Antología esencial

Salvato in:
Dettagli Bibliografici
Autore principale: Sepúlveda Llanos, Fidel (Autore)
Natura: Libro
Lingua:spagnolo
Pubblicazione: Santiago Ediciones UC 2012
Soggetti:
Tags: Aggiungi Tag
Nessun Tag, puoi essere il primo ad aggiungerne!!

MARC

LEADER 00000cam a2200000 a 4500
001 UCF5519
003 CL-VaPUC
008 130318e20120000CL |||||||||||||||||spa|d
020 |a 9789561412811 
082 0 4 |a Ch863  |b SEP  |2 21 
100 0 |a Sepúlveda Llanos, Fidel  |e author  |9 567468 
245 1 3 |a El cuento tradicional chileno: estudio estético y antropológico. Antología esencial 
300 |a 521 p 
942 |c BK 
945 |d 20130318 00:00:00  |a dcastane 
260 |a Santiago  |b Ediciones UC  |c 2012 
650 0 |a Cuentos chilenos   |9 308280 
650 0 |a Literatura chilena   |9 308278 
650 0 |a Crítica e interpretación   |9 255042 
583 |a last modification  |c 20130318 11:20:00  |k Rodrigo Vera 
999 |c 351033  |d 351031 
952 |0 0  |1 0  |4 0  |6 CH_863_000000000000000_SEP_2012  |7 0  |8 X  |9 454905  |a BIBEDU  |b BIBEDU  |d 2019-11-22  |i 4953010  |o Ch863 SEP 2012  |p 4953010  |r 2023-01-13  |w 2019-11-22  |y BK_X  |k LIT